Dallas Cowboys Ring of Honor - Statistics

General Stats
  • This quiz has been taken 285 times
  • The average score is 13 of 20
Answer Stats
Hint Answer % Correct
RB - 1990 to 2002 Emmitt Smith
97%
QB - 1989 to 2000 Troy Aikman
97%
WR - 1988 to 1999 Michael Irvin
95%
QB - 1969 to 1979 Roger Staubach
94%
Coach - 1960 to 1988 Tom Landry
85%
RB - 1977 to 1987 Tony Dorsett
81%
OG/OT - 1994 to 2005 Larry Allen
74%
DT - 1975 to 1988 Randy White
73%
WR - 1973 to 1983 Drew Pearson
71%
DT - 1961 to 1974 Bob Lilly
68%
QB - 1960 to 1968 Don Meredith
59%
DE - 1992 to 1996 Charles Haley
57%
WR - 1965 to 1974 Bob Hayes
51%
CB - 1964 to 1977 Mel Renfro
49%
GM - 1959 to 1988 Tex Schramm
46%
LB - 1961 to 1973 Chuck Howley
38%
S - 1970 to 1979 Cliff Harris
37%
LB - 1963 to 1976 Lee Roy Jordan
29%
OT - 1967 to 1979 Rayfield Wright
27%
HB - 1961 to 1968 Don Perkins
24%
No matching quizzes found
Score Distribution
Percent of People with Each Score
Percentile by Number Answered
Your Score History
You have not taken this quiz